Estações da Linha-11 Coral da CPTM - Statistics

Estatísticas Gerais
  • Esse quiz foi jogado 34 vezes
  • A pontuação média é 14 de 16
Respostas no mapa
Respostas codificadas por cores de uma escala verde-vermelha no mapa do quiz de acordo com a % correta abaixo.
 
Estatísticas das Respostas
Resposta % Correto
Brás
100%
Luz
100%
Estudantes
96%
Tatuapé
96%
Corinthians Itaquera
92%
Mogi das Cruzes
92%
Poá
92%
Suzano
92%
Ferraz de Vasconcelos
88%
Guaianases
83%
José Bonifácio
83%
Calmon Viana
79%
Dom Bosco
79%
Antônio Gianetti Neto
75%
Jundiapeba
71%
Braz Cubas
63%
Nenhum quiz correspondente encontrado
Distribuição das Pontuações
Porcentagem de Pessoas com Cada Pontuação
Percentil de Números Respondidos
Sua Pontuação Histórica
Você não jogou esse quiz